000 00476nam a22001817a 4500
005 20230118121635.0
008 200320b xxu||||| |||| 00| 0 eng d
020 _a9788123912097
041 _aeng
082 _a615.32
100 _aKALIA,A.N
_95335
245 _aTEXTBOOK OF INDUSTRIAL PHARMACOGNOSY
250 _a1'ST
260 _aNEW DELHI
_bCBS PUBLISHERS AND DISTRIBUTORS
_c2019
300 _a285P. XVI
650 _aPHARMACY
_xB.PHARMA & D.PHARMA
_97472
942 _cBK
999 _c6180
_d6178